00638nam a22002057a 450000500170000001000130001702000250003003500130005503700160006804000120008408200170009624500710011326000470018427000650023130000270029650000400032365000240036365000280038770000170041520170124105914.0 aB-089298 c00.00a9789715615031 aB-089298 bCen Lib/Ret aDPLbEN a332.15 bLOC aLocal government finance and bond market /cedited by Yun-Hwan Kim aPhilippines bAsian Development Bankc2003 bAsian Development Bank, P.O. Box, 0980, Manila aPhilippines axxii, 566p.c23cm(pbk) aIncludes bibliographical reference  aFinancial economics aMunicipal Credit Market aKim,Yun-Hwan